000 00763nam a2200277Ia 4500
001 Para_4967
003 CHAP
008 220125s1907 xx 000 0 und d
010 _a203426
040 _cCHAP
090 _aPA FOLLETO 2328
100 _aDickens, Albert
_932463
245 _aSpraying /
_c Albert Dickens, and Robert E. Eastman
260 _aManhattan :
_b Kansas State A
300 _ap. 195-216
440 _aKansas Agr. exp. Sta. Bull.;145
_9169200
650 _aAspersión
_98123
700 _aEastman, Robert E.
_935004
901 _aPA FOLLETO 2328
902 _aA
905 _a0000001907 MAN 0000000000 00
910 _a1907
942 _cPARA
942 _cPARA
_d1
999 _c203426
_d203426